Charaktere aus Jugend und Fantasybüchern - Statistiken

Allgemein
  • Dieses Quiz wurde 82 mal gespielt
  • Das Durchschnittsergebnis liegt bei 5 aus 16
Antwortstatistiken
Hint Antwort % Korrekt
Cho Chang Harry Potter
93%
Peeta Mellark Die Tribute von Panem
77%
Thorin Eichenschild Der Hobbit
61%
Alice Cullen Twilight
61%
Beatrice (Tris) Prior Die Bestimmung
33%
Xaden Riorsen Flammengeküsst
30%
Olivia (Liv) Silber Silber
29%
Feyre Das Reich der Sieben Höfe
23%
Charlotte Montrose Edelsteintrilogie
23%
Minho Mazerunner
23%
Jace Wayland Chroniken der Unterwelt
21%
Augustus Waters Das Schicksal ist ein mieser Verräter
11%
Mare Barrow Die Farben des Blutes
9%
Maxon Schreave Selection
7%
Roman Kitt Letters of Enchantment
1%
Wanda Seelen
1%
Keine übereinstimmenden Quizze gefunden
Verteilung der Resultate
Anzahl Personen mit jedem Resultat
Perzentil nach korrekt beantworteten Fragen
Ihre Resultats-Entwicklung
Sie haben dieses Quiz noch nicht gespielt